[Event "Swidnica"]
[Site "?"]
[Date "1999.??.??"]
[Round "?"]
[White "Filippov, Va"]
[Black "Kempinski, R."]
[Result "1-0"]
[WhiteElo "2570"]
[BlackElo "2530"]
[PlyCount "53"]
[EventDate "1999.??.??"]
[Source "Chess Informant"]
[SourceDate "1999.06.01"]

1. Nf3 Nf6 2. c4 g6 3. d4 Bg7 4. g3 d5 5. cxd5 Nxd5 6. Bg2 Nb6 7. Nc3 Nc6 8. O-O Nxd4 9. Nxd4 Qxd4 10. Nb5 Qc5 11. a4 Nxa4 12. Qd5 Qxd5 13. Bxd5 Rb8 14. Nxc7+ Kd8 15. Rxa4 Kxc7 16. Bxf7 Bd7 17. Bf4+ e5 18. Rc1+ Bc6 19. Be3 Rbd8 20. Rxa7 Rd6 21. b4 Rhd8 22. Bb3 Kb8 23. Ra2 b5 24. Ba7+ Kc8 25. Bc5 Rd2 26. Ra6 Bb7 27. Be6+ 1-0

[Event "Vlissingen HZ op"]
[Site "Vlissingen"]
[Date "2000.08.04"]
[Round "8"]
[White "Epishin, Vladimir"]
[Black "Mikhalevski, Victor"]
[Result "1/2-1/2"]
[WhiteElo "2567"]
[BlackElo "2532"]
[PlyCount "111"]
[EventDate "2000.07.29"]
[Source "www.chesslib.no"]
[SourceDate "2004.05.04"]

1. d4 Nf6 2. c4 g6 3. g3 c6 4. Bg2 d5 5. Nd2 dxc4 6. Nxc4 Be6 7. b3 Bd5 8. Nf3 Bg7 9. O-O O-O 10. Bf4 c5 11. dxc5 Na6 12. Qc1 Qc8 13. Ne3 Be4 14. Be5 Nxc5 15. Qa3 b6 16. b4 Ne6 17. Bh3 Qc6 18. Rac1 Qb5 19. Bxe6 fxe6 20. Qb3 Bd5 21. Nxd5 Qxd5 22. Rfd1 Qxb3 23. axb3 Nd5 24. Bxg7 Kxg7 25. b5 Rfc8 26. Rc4 h6 27. Rd3 Nf6 28. Re3 Kf7 29. Ne5+ Kg7 30. Nc6 Kf7 31. Ne5+ Kg7 32. Rxc8 Rxc8 33. Nc6 Kf7 34. Nxa7 Rc5 35. Nc6 Nd5 36. Rf3+ Ke8 37. Ne5 g5 38. h3 Nc3 39. Nc4 Nxe2+ 40. Kf1 Nd4 41. Rd3 Nxb5 42. Nxb6 Rc2 43. Nc4 Kf7 44. Ne5+ Kg7 45. Rd7 Nd6 46. Ng4 Nf5 47. Rd3 h5 48. Ne3 Nxe3+ 49. Rxe3 Rb2 50. Kg2 Kf6 51. Kf1 e5 52. Rc3 h4 53. g4 Ke6 54. Ke1 Kd5 55. Rd3+ Ke6 56. Rc3 1/2-1/2

[Event "Lvov"]
[Site "?"]
[Date "1987.??.??"]
[Round "?"]
[White "Bareev, E."]
[Black "Lputian, S."]
[Result "1-0"]
[WhiteElo "2555"]
[BlackElo "2540"]
[PlyCount "113"]
[EventDate "1987.??.??"]
[Source "ChessBase"]
[SourceDate "1987.07.01"]

1. d4 Nf6 2. c4 g6 3. g3 Bg7 4. Bg2 d5 5. cxd5 Nxd5 6. e4 Nb4 7. d5 O-O 8. a3 N4a6 9. Nc3 e6 10. Nge2 exd5 11. exd5 c6 12. O-O cxd5 13. Qxd5 Nc6 14. Qxd8 Rxd8 15. Bg5 Re8 16. Be3 Na5 17. b4 Nc4 18. Bd4 Nc7 19. Rfc1 Ne5 20. f4 Nd3 21. Rcb1 Bg4 22. Bxg7 Kxg7 23. Ra2 Re3 24. h3 Bf3 25. Rd2 a5 26. Bxf3 Rxf3 27. Nd4 Ne5 28. Nce2 Rd3 29. Rxd3 Nxd3 30. Rb3 axb4 31. Rxd3 bxa3 32. Nc2 a2 33. Na1 h5 34. Kg2 Ne6 35. h4 Nc5 36. Rc3 b6 37. Rc2 Ne4 38. Rb2 Ra6 39. Nc1 Ra3 40. Rb3 Ra6 41. Rb4 f5 42. Nd3 Ra7 43. Ne5 Ra3 44. Rb3 Rxb3 45. Nxb3 Nc5 46. Na1 Kf6 47. Nc6 Ne4 48. Nb4 Nc3 49. Kf2 Ke6 50. Ke1 Ne4 51. Ke2 b5 52. Nb3 Kd6 53. Ke3 Nc5 54. Na1 Ne4 55. Nxa2 Kc5 56. Nb3+ Kc4 57. Nd2+ 1-0

[Event "ENG-URS m"]
[Site "London ENG"]
[Date "1976.??.??"]
[Round "?"]
[White "Korchnoi, Viktor L"]
[Black "Stean, Michael F"]
[Result "1/2-1/2"]
[WhiteElo "2670"]
[BlackElo "2420"]
[PlyCount "119"]
[EventDate "1976.??.??"]
[Source "www.chesslib.no"]
[SourceDate "2004.05.04"]

1. d4 Nf6 2. c4 g6 3. Nc3 d5 4. cxd5 Nxd5 5. g3 Bg7 6. Bg2 Nb6 7. e3 e5 8. Nge2 O-O 9. O-O c6 10. b3 exd4 11. Nxd4 Re8 12. Ba3 a5 13. Ne4 Na6 14. Nd6 Re5 15. Qf3 Qf6 16. Qxf6 Bxf6 17. Rad1 Nb4 18. Rd2 Be7 19. Nxc8 Rxc8 20. Bb2 Rc5 21. a3 Na6 22. e4 Rd8 23. Rfd1 Re8 24. f4 Bf8 25. Nf3 Rb5 26. Rd8 Rxd8 27. Rxd8 Rxb3 28. Bf6 Nc5 29. Ng5 Rd3 30. Bf1 Rxd8 31. Bxd8 Ncd7 32. e5 Bxa3 33. Bh3 a4 34. Kf1 Bb4 35. e6 fxe6 36. Bxe6+ Kg7 37. Ke2 a3 38. Kd1 Nd5 39. Kc2 Nc5 40. Bxd5 cxd5 41. Be7 a2 42. Bxc5 a1=Q 43. Bd4+ Qxd4 44. Ne6+ Kf6 45. Nxd4 Bc5 46. Nf3 Kf5 47. Kd3 b5 48. h3 b4 49. Nh4+ Kf6 50. Nf3 Bf2 51. g4 Bg3 52. Ke3 b3 53. Kd3 Bxf4 54. Kc3 d4+ 55. Kxb3 d3 56. Kc3 d2 57. Kc2 Be3 58. Kd1 h5 59. gxh5 gxh5 60. Nxd2 1/2-1/2